Largest Subdivision Economies Of Europe - Statistics

General Stats
  • This quiz has been taken 38 times
  • The average score is 8 of 13
Answer Stats
Billion USD Subdivision % Correct
2,177 England
88%
610 Bavaria
84%
905 Île-de-France
81%
274 Catalonia
78%
332 Moscow
75%
278 Community of Madrid
72%
439 Lombardy
72%
501 Baden-Württemberg
63%
730 North-Rhine-Westphalia
63%
281 Hesse
41%
296 Lower Saxony
41%
265 Istanbul
34%
327 Auvergne-Rhône-Alpes
19%
No matching quizzes found
Score Distribution
Percent of People with Each Score
Percentile by Number Answered
Your Score History
You have not taken this quiz